| 000 | 01037nam a2200253 i 4500 | ||
|---|---|---|---|
| 001 | bg | ||
| 245 | 0 | 0 |
_aPrognozowanie w elektroenergetyce : _bVII konferencja naukowa PE 2004, Częstochowa-Poraj-Jastrząb 23-24 września 2004 r. / _c[red. Zdzisława Tasarz] ; Politechnika Częstochowska. Instytut Elektroenergetyki. |
| 260 |
_aCzęstochowa : _bWydawnictwa PC, _c2004. |
||
| 300 |
_a226, [2] s. : _bmapy (w tym kolor.), rys., tab., wykr. ; _c24 cm. |
||
| 490 | 1 |
_aKonferencje / Politechnika Częstochowska, _x1234-9895 ; _v54 |
|
| 500 | _aTekst częśc. ang. Streszcz. ang. przy pracach. | ||
| 504 | _aBibliogr. przy pracach. | ||
| 650 | 9 |
_aElektroenergetyka _xprognozy _xmodele matematyczne |
|
| 655 | _aMateriały konferencyjne | ||
| 700 | 1 |
_aTASARZ, Zdzisława. _eRed. |
|
| 830 | 0 |
_aKonferencje (Politechnika Częstochowska) ; _v54 |
|
| 020 | _a837193257X | ||
| 040 | _cBPK | ||
| 041 | 0 |
_apoleng _beng |
|
| 080 | _a621.31:519.87](061) | ||
| 920 | _a83-7193-257-X | ||
| 942 | _cKS | ||
| 008 | s pl f |000 0 pol | ||
| 999 |
_c45699 _d45699 |
||
| 856 |
_uhttp://koha.tu.koszalin.pl/cgi-bin/koha/opac-detail.pl?biblionumber=45699 _yKatalog online BPK |
||